Environmental problems of petroleum production in the Amazon Lowland of Ecuador / (Record no. 147606)

MARC details
000 -LEADER
fixed length control field 00808nam a2200229 a 4500
008 - FIXED-LENGTH DATA ELEMENTS--GENERAL INFORMATION
fixed length control field
020 ## - INTERNATIONAL STANDARD BOOK NUMBER
International Standard Book Number 3895820237 (pbk.)
049 ## - LOCAL HOLDINGS (OCLC)
Holding library MAIN
090 ## - LOCALLY ASSIGNED LC-TYPE CALL NUMBER (OCLC); LOCAL CALL NUMBER (RLIN)
Classification number (OCLC) (R) ; Classification number, CALL (RLIN) (NR) GE30
003 - CONTROL NUMBER IDENTIFIER
control field
005 - DATE AND TIME OF LATEST TRANSACTION
control field 20230123133359.0
040 ## - CATALOGING SOURCE
Transcribing agency NUST
100 1# - MAIN ENTRY--PERSONAL NAME
Personal name Hettler, Jorg
245 10 - TITLE STATEMENT
Title Environmental problems of petroleum production in the Amazon Lowland of Ecuador /
Statement of responsibility, etc. by Jorg Hettler, Bernd Lehmann, Luis LeMarie ; in collaboration with Michael Cuno and Udo Weismann.
260 ## - PUBLICATION, DISTRIBUTION, ETC.
Place of publication, distribution, etc. Berlin :
Name of publisher, distributor, etc. Selbstverlag Fachbereich Geowissenschaften,
Date of publication, distribution, etc. 1996
300 ## - PHYSICAL DESCRIPTION
Extent 71, [36] p. :
Other physical details ill., maps ;
Dimensions 29 cm.
650 #1 - SUBJECT ADDED ENTRY--TOPICAL TERM
Topical term or geographic name entry element Petroleum mining
General subdivision Environmental aspects.
700 ## - ADDED ENTRY--PERSONAL NAME
Personal name LeMarie, Luis
700 ## - ADDED ENTRY--PERSONAL NAME
Personal name Lehmann, Bernd
907 ## - LOCAL DATA ELEMENT G, LDG (RLIN)
a .b10085981
b 18-08-03
c 15-08-03
942 ## - ADDED ENTRY ELEMENTS (KOHA)
Koha item type Ordinary Loan Books
Call number prefix GE30
Holdings
Date last seen Total Checkouts Full call number Barcode Cost, replacement price Price effective from Koha item type Lost status Source of classification or shelving scheme Damaged status Not for loan Collection Withdrawn status Home library Current library Shelving location Date acquired Cost, normal purchase price
01/23/2023   GE30 HET 92003012654 80.00 01/23/2023 BOOKS   LCC     NFIC   MAIN MAIN GEN 01/23/2023 80.00